000 00695nam a22002177a 4500
003 OSt
005 20260505083826.0
008 260505b |||||||| |||| 00| 0 eng d
020 _a0-07-366178-3
040 _aDWC-Main lib.
_cOC
082 _22nd ed.
_aCirc. 557.95 Or75g 2002
100 _aOrr, William N.
245 _aGeology of the pacific northwest/
_cWilliam N. Orr
260 _aBoston :
_bMcGraw-Hill,
_cc2002.
300 _axii, 337 p. :
_billustration :
_c27 cm.
504 _aIncludes bibliographical references and index.
650 _a1. Geology - Northwest, Pacific.
700 _aOrr, Elizabeth L.
760 _b2nd ed.
942 _2ddc
_cBK-CIRC
_e2nd ed.
_hCirc.
_n0
999 _c10262
_d10262